LEADER 03193nam 2200733 a 450 001 9910454016503321 005 20200520144314.0 010 $a661207048X 010 $a1-282-07048-7 010 $a9786612070488 010 $a1-4416-0539-8 010 $a600-00-1240-3 010 $a1-60750-362-X 035 $a(CKB)1000000000723312 035 $a(EBL)433443 035 $a(OCoLC)646807186 035 $a(SSID)ssj0000340435 035 $a(PQKBManifestationID)11293921 035 $a(PQKBTitleCode)TC0000340435 035 $a(PQKBWorkID)10387278 035 $a(PQKB)10931512 035 $a(MiAaPQ)EBC433443 035 $a(Au-PeEL)EBL433443 035 $a(CaPaEBR)ebr10285488 035 $a(CaONFJC)MIL207048 035 $a(EXLCZ)991000000000723312 100 $a20090514d2008 uy 0 101 0 $aeng 135 $aur|n|---||||| 181 $ctxt 182 $cc 183 $acr 200 10$aMining massive data sets for security$b[electronic resource] $eadvances in data mining, search, social networks and text mining, and their applications to security /$fedited by Franc?oise Fogelman-Soulie? ... [et al.] 210 $aAmsterdam $cIOS Press$d2008 215 $a1 online resource (388 p.) 225 1 $aNATO science for peace and security series. Sub-series D, Information and communication security,$x1874-6268 ;$vv. 19 300 $a"Proceedings of the NATO Advanced Study Institute on Mining Massive Data Sets for Security, Gazzada (Varese), Italy, 10-21 September, 2007."--T.p. verso. 300 $aPublished in cooperation with NATO Public Diplomacy Division. 311 $a1-58603-898-2 320 $aIncludes bibliographical references and indexes. 327 $aTitle page; Mining Massive Data Sets for Security; Contents; Data Mining; Search; Social Networks; Text Mining; Security Applications; Subject Index; Author Index 330 $aThe real power for security applications will come from the synergy of academic and commercial research focusing on the specific issue of security. This book is suitable for those interested in understanding the techniques for handling very large data sets and how to apply them in conjunction for solving security issues. 410 0$aNATO science for peace and security series.$nSub-series D,$pInformation and communication security ;$vv. 19. 606 $aData mining$vCongresses 606 $aComputer algorithms$vCongresses 606 $aTerrorism$xPrevention$vCongresses 606 $aTerrorism risk assessment$vCongresses 608 $aElectronic books. 615 0$aData mining 615 0$aComputer algorithms 615 0$aTerrorism$xPrevention 615 0$aTerrorism risk assessment 676 $a006.3 676 $a006.32 701 $aFogelman-Soulie?$b Franc?oise$f1948-$0347669 712 02$aNorth Atlantic Treaty Organization.$bPublic Diplomacy Division. 712 12$aNATO Advanced Study Institute on Mining Massive Data Sets for Security 801 0$bMiAaPQ 801 1$bMiAaPQ 801 2$bMiAaPQ 906 $aBOOK 912 $a9910454016503321 996 $aMining massive data sets for security$91916677 997 $aUNINA LEADER 01921nam 2200433Ia 450 001 996388121503316 005 20200824132108.0 035 $a(CKB)1000000000624159 035 $a(EEBO)2241009506 035 $a(OCoLC)ocm12682233e 035 $a(OCoLC)12682233 035 $a(EXLCZ)991000000000624159 100 $a19851016d1699 uy | 101 0 $aeng 135 $aurbn||||a|bb| 200 14$aThe new state of England under our present monarch K. William III$b[electronic resource] $ein three parts, containing I. A general account of England ... and a survey of Wales, II. Of the original, temper, genius, language, trade, religion and government of the English ... with a succinct history of the kings and queens of England to this time, III. A description of the high court of Parliament, Privy Council, and all Court of Judicature, and a catalogue of the present officers in church and state 205 $aThe third edition, with great improvements. 210 $aLondon $cPrinted for R. Clavel, H. Mortlock and J. Robinson ...$d1699 215 $a[35], 184, 168, 168 p 300 $aIncludes index. 300 $aEach part has separate pagination. 300 $aErrata: preliminary p. [34] 300 $aContains engraved allegorical frontispiece. 300 $aReproduction of original in the University of Illinois (Urbana-Champaign Campus). Library. 330 $aeebo-0167 607 $aGreat Britain$xDescription and travel 607 $aGreat Britain$xDescription and travel$vEarly works to 1800 607 $aGreat Britain$xPolitics and government$y1689-1702 700 $aMiege$b Guy$f1644-1718?$01002359 801 0$bEAH 801 1$bEAH 801 2$bUMI 801 2$bm/c 801 2$bUMI 801 2$bWaOLN 906 $aBOOK 912 $a996388121503316 996 $aThe new state of England under our present monarch K. William III$92403764 997 $aUNISA